00248 a2200109 4500001000700000020000600007040001100013100000600024240005200030245004700082362000900129169655 a  cMagnum a-10aPreguntas-respuestas para ninos: mi cuerpolESP10aPreguntas-respuestas para ninos: mi cuerpo0 a1899